Statistiques concernant Tous les asterix 2eme partie

Cliquez ici pour prendre le quiz!

Statistiques générales

  • Ce quiz a été pris 8 fois
  • Le résultat moyen est 10 sur 15

Statistiques - réponses

Titre% Correct
22La Grande Traversée
88%
26L'Odyssée
88%
29La Rose et le Glaive
75%
17Le Domaine des dieux
75%
25Le Grand Fossé
75%
20En Corse
63%
30La Galère d'Obélix
63%
21Le Cadeau de César
63%
19Le Devin
63%
27Le Fils
63%
18Les Lauriers de César
63%
23Obélix et Compagnie
63%
24Chez les Belges
50%
16Chez les Helvètes
50%
28Chez Rahàzade
38%

Distribution des résultats

Percentile par nombre de réponses

% des personnes avec chaque résultat

Votre développement - résultats

Vous n’avez pas pris ce quiz